| 000 | 00339nam a22001217a 4500 | ||
|---|---|---|---|
| 082 |
_a342.7302 _bABB |
||
| 100 | _aAbbas, Sayed Naveed | ||
| 245 |
_aThe Constitution of United States of America / _cSayed Naveed Abbas |
||
| 260 |
_aLahore : _bKausar Brothers, _cN.A. |
||
| 300 |
_a50 p. ; _c24 CM. |
||
| 563 | _aHB. | ||
| 942 |
_2ddc _cBK |
||
| 999 |
_c615982 _d615982 |
||